Score 0/21 Timer 05:00
1 Play Today
% Correct
Airplane
96.1%
Horse
95.6%
Starfish
93.1%
Paper Clip
93%
Anchor
92.7%
Pterodactyl
90.6%
Stegosaurus
90.6%
Fan
88%
Shovel
87.3%
Snake
85.9%
Butterfly
83.6%
% Correct
Thumb Tack
80.4%
Pliers
78.3%
Music Note
71.5%
Wagon
70.9%
Helicopter
64.9%
Zipper Pull
57.1%
Lock
55.2%
The Letter 'I'
53.7%
Knight
47%
Chicken
37.9%
Remove Ads.
Support Sporcle.
Get the best of Sporcle when you Go Orange. This ad-free experience offers more features, more stats, and more fun while also helping to support Sporcle. Thank you for becoming a member.

You're not logged in!

Compare scores with friends on all Sporcle quizzes.
OR
Log In

Show Comments

Extras

Top Quizzes Today


Score Distribution

Your Account Isn't Verified!

In order to create a playlist on Sporcle, you need to verify the email address you used during registration. Go to your Sporcle Settings to finish the process.

Report this User

Report this user for behavior that violates our Community Guidelines.

Details: